| 000 | 01654nam a2200361 c 4500 | ||
|---|---|---|---|
| 003 | BLK | ||
| 005 | 20180422104912.0 | ||
| 008 | 180408b bul|||||r ||||||| ||bul|| | ||
| 010 | _aKNG00099073000 | ||
| 040 | _aBLK | ||
| 041 |
_aBUL _cBUL |
||
| 080 |
_aРелигиозна живопис _b75.046 _x(497.2) _z75.046(497.2) |
||
| 080 |
_aАрхитектура на християнските храмове и църкви (общи въпроси) _b726.5 _x(497.2) _z726.5(497.2) |
||
| 100 | 1 |
_aФлорева, Елена _eпърви автор _9373956 |
|
| 700 | 1 |
_aШаренков, Атанас _e* _9305838 |
|
| 139 |
_aФлорева, Елена _bФ 64 |
||
| 245 | 1 | 0 |
_aАлинските стенописи _cЕлена Флорева; * Атанас Шаренков. |
| 257 | _aBGR | ||
| 260 |
_аСофия _bБълг. художник _c1983 |
||
| 300 |
_a216 с. _bс ил., факс. _c27 см |
||
| 380 | _a7 | ||
| 490 | 1 | _aПоредица Паметници на старата българска монументална живопис | |
| 500 | _aСъдържа и статията Технология и техника на стенописите / Атанас Шаренков. - Рез. на фр., нем. | ||
| 650 | 4 |
_aЖивопис - България _9242598 |
|
| 650 | 4 |
_aСтенописи - България _9305806 |
|
| 653 | _aстенописи | ||
| 653 | _aрелигиозна живопис | ||
| 852 | _aЦб ІІ 6457 | ||
| 856 | 4 |
_qpdf _u |
|
| 856 | 4 |
_qpdf _u |
|
| 942 |
_cKNG _n0 |
||
| 944 |
_aCR _c21.01.2011 _lдобави в АБ / 20.01.2011 _kНаталия_Любомирова |
||
| 944 |
_aED _c12.10.2015 _lдобави в АБ / 20.01.2011 _k |
||
| 999 |
_c94255 _d94255 |
||